=LDR 00000nam 2200000 4500 =001 INLIS000000000043813 =005 20201217115345 =035 ##$$a 0010-101300000001735 =008 201217################g##########0#ind## =041 ##$$a ind =082 ##$$a 320 =090 ##$$a 320, Kar w =100 ##$$a Kartono, Kartini =245 1#$$a Wawasan politik, mengenai sistem pendidikan nasional, Kartini kartono /$c DR. Kartini Kartono =260 ##$$a Bandung :$b Mandar Maju,$c 1990 =300 ##$$a xii, 156 hlm ; $c 15 x 20 cm =650 #4$$a Politik =850 ##$$a NBPNMAT =084 ##$$a 320 KAR w =250 ##$$a cet. 1 =504 ##$$a Bibliografi : hlm, 155-156 =990 ##$$a 68.032/pro-94-95